000 00295nam a2200121Ia 4500
005 20251222143248.0
008 251222s9999||||xx |||||||||||||| ||spa||
082 _a251.31/A64J/Ej.2
100 _aAparicio Quispe, Severo
245 0 _aJosé Pérez Armendáriz:
264 _bAmauta
942 _cLIB
999 _c14843
_d14843